Linear circuit analysis

Gardado en:
Detalles Bibliográficos
Autor Principal: Paskusz, Gerhard F.
Outros autores: Bussell, Bertram
Formato: Libro
Idioma:Undetermined
Publicado: Englewood Cliffs, N.J. : Prentice Hall, 1963.
Series:Prentice-Hall series in electrical engineering
Materias:
Etiquetas: Engadir etiqueta
Sen Etiquetas, Sexa o primeiro en etiquetar este rexistro!

MARC

LEADER 00000nam a2200000Ia 4500
003 001780
005 20221231143943.0
008 140114s9999 xx 000 0 und d
040 |c cru CEDI 
082 |a 621.319.21 P282L 
100 |a Paskusz, Gerhard F.  |9 19324 
245 |a Linear circuit analysis  
260 |a Englewood Cliffs, N.J. : Prentice Hall,   |c 1963. 
300 |a 359 páginas : ilustraciones. 
440 |a Prentice-Hall series in electrical engineering   |9 19326 
650 |x ANALISIS DE SISTEMAS   |x CIRCUITOS ELECTRONICOS  |9 19327 
700 |9 19325  |a Bussell, Bertram 
942 |2 ddc  |c BK 
999 |c 14726  |d 14726